[Event "DOM-ch"]
[Site "Santo Domingo"]
[Date "2023.02.25"]
[Round "2"]
[White "Rosario Solorin, Carlos Jose"]
[Black "Arvelo Leo, Gian Carlo"]
[Result "0-1"]
[WhiteElo "1883"]
[BlackElo "2133"]
[PlyCount "92"]
[EventDate "2023.02.24"]
[EventType "swiss"]
[EventRounds "11"]
[EventCountry "DOM"]
[SourceTitle "CBM 213 Extra"]
[Source "ChessBase"]
[SourceDate "2023.05.31"]
[SourceVersion "1"]
[SourceVersionDate "2023.05.31"]
[SourceQuality "1"]

1. e4 c5 2. Nf3 e6 3. c3 Nf6 4. e5 Nd5 5. d4 cxd4 6. cxd4 b6 7. Nc3 Nxc3 8. bxc3 Qc7 9. Bb2 Bb7 10. Bd3 d6 11. 0-0 Nd7 12. Qe2 Be7 13. Rac1 dxe5 14. dxe5 0-0 15. Rfe1 Nc5 16. Bb1 Rfd8 17. Nd4 Rac8 18. f4 g6 19. Qg4 Na4 20. Qe2 Qc4 21. Qxc4 Rxc4 22. Ba1 Nxc3 23. Bxc3 Bc5 24. Ba1 Bxd4+ 25. Bxd4 Rdxd4 26. Rxc4 Rxc4 27. g3 Bd5 28. Kf2 Rb4 29. a3 Rb3 30. Be4 Bxe4 31. Rxe4 Rxa3 32. h4 h5 33. Rd4 b5 34. Rd8+ Kg7 35. Rb8 a6 36. Rb7 Ra4 37. Kf3 b4 38. g4 hxg4+ 39. Kxg4 a5 40. h5 gxh5+ 41. Kxh5 b3 42. f5 Rb4 43. f6+ Kg8 44. Rd7 b2 45. Rd8+ Kh7 46. Rf8 Rb7 0-1